Placcaet ende ordinantie ons heeren des Conincx, gemaect op het furueren ende ouerbringen vanden quoyeren aengaende den hondertsten penninck binnen den lande van Brabant.

Bibliographic Details
Corporate Author: Brabant (Duchy)
Format: eBook
Language:Dutch
Published: Geprint inde princelijcke stadt van Bruessele : By my, Michiel van Hamont ..., 1569.
Series:Making of the modern world (Goldsmiths'-Kress Library of Economic Literature)
Subjects:
Online Access:Connect to the full text of this electronic book

MARC

Tag First Indicator Second Indicator Subfields
LEADER 00000cam a2200000La 4500
001 in00002285521
005 20190326194537.0
006 m | d |
007 cr |n||||||||n
008 880714s1569 xx s 000 0 dut d
040 |a GKS  |c GKS  |d OCL  |d Thomson Gale  |d UtOrBLW 
043 |a e-be--- 
110 1 |a Brabant (Duchy) 
245 1 0 |a Placcaet ende ordinantie ons heeren des Conincx, gemaect op het furueren ende ouerbringen vanden quoyeren aengaende den hondertsten penninck binnen den lande van Brabant. 
264 1 |a Geprint inde princelijcke stadt van Bruessele :  |b By my, Michiel van Hamont ...,  |c 1569. 
300 |a 8 unnumbered pages 
336 |a text  |b txt  |2 rdacontent 
337 |a computer  |b c  |2 rdamedia 
338 |a online resource  |b cr  |2 rdacarrier 
500 |a Reproduction of original from Goldsmiths' Library, University of London. 
500 |a Goldsmiths'-Kress number 00144. 
510 4 |a OCLC,  |c 20885865 
533 |a Electronic reproduction.  |b Farmington Hills, Mich. :  |c Thomson Gale,  |d 2005.  |f (The making of the modern world).  |n Available via the World Wide Web.  |n Access limited to licensing agreements.  |7 s2005 miunns 
500 |a Electronic resource. 
650 0 |a Tax collection  |z Belgium  |z Brabant  |v Early works to 1800. 
655 0 |a Electronic books. 
830 0 |a Making of the modern world (Goldsmiths'-Kress Library of Economic Literature) 
856 4 0 |u http://proxy.library.tamu.edu/login?url=http://galenet.galegroup.com/servlet/MOME?af=RN&ae=U110652546&srchtp=a&ste=14&locID=txshracd2898  |z Connect to the full text of this electronic book  |t 0 
999 |a MARS 
999 f f |s bed95571-55a7-383c-a013-01f50f61b51b  |i 09e34003-bcc6-3f28-b747-edd898d29325  |t 0 
952 f f |a Texas A&M University  |b College Station  |c Electronic Resources  |d Available Online  |t 0  |h No information provided 
998 f f |t 0  |l Available Online